| 000 | 01157nmc a2200397 a 4500 | ||
|---|---|---|---|
| 003 | AR-BaBNM | ||
| 005 | 20251128205349.0 | ||
| 008 | 187019s1985 ||||||||||||||000 | spa|| | ||
| 020 | _a84-7522-626-4 | ||
| 040 | _cAR-BaBNM | ||
| 100 | 1 | _aLautrey, Jacques | |
| 245 | 1 | 0 | _aClase social, medio familiar e inteligencia |
| 260 |
_aMadrid _bVisor _c1985 |
||
| 300 |
_a216 p. _btablas |
||
| 490 | 0 |
_aAprendizaje _vv. 26 |
|
| 504 | _aBibliografía: p. 212-216 | ||
| 650 | 4 | _aDESARROLLO DEL NINO | |
| 650 | 4 | _aDESARROLLO COGNOSCITIVO | |
| 650 | 4 | _aINFLUENCIA FAMILIAR | |
| 650 | 4 | _aCLASES SOCIALES | |
| 650 | 4 | _aCOEFICIENTE INTELECTUAL | |
| 650 | 4 | _aPRUEBAS DE RENDIMIENTO | |
| 650 | 4 | _aDATOS ESTADISTICOS | |
| 650 | 4 | _aRESULTADOS DE PRUEBAS | |
| 650 | 4 | _aSOCIOLOGIA DE LA EDUCACION | |
| 653 | _aSISTEMA EDUCATIVO | ||
| 700 | 1 |
_aReuchlin, Maurice _eprologuista |
|
| 700 | 1 |
_aRoyo, Rosana _etraductor |
|
| 700 | 1 |
_aColl, César _erevisión |
|
| 800 | 1 |
_aAlvarez, Amelia _edirector |
|
| 800 | 1 |
_aColl, César _edirector |
|
| 800 | 1 |
_aPalacios, Jesús _edirector |
|
| 800 | 1 |
_aDel Río, Pablo _edirector |
|
| 942 | _cBK | ||
| 998 | _cSILVI | ||
| 999 |
_c11101 _d11101 |
||